LEADER 01052nam a2200193 i 4500 001 000000215535 003 CaOOAMICUS 005 20120828000000.0 008 120828s1756 xx u000 u lat u 013 $a194408 026 $aerum lio- s.r. (aal (3) 1756 (R) 040 $aSeMil$bita 245 10$aTomus vicesimus secundus complectens Summae Theologicae Secundam Secundaee usquae ad quaestionem c. 300 $aXXXII, 534 p. 500 $aSegn. : a-d4 A-2I8 2K6. 773 0 $aTommaso : d'Aquino $tDivi Thomae Aquinatis doctoris angelici ordinis praedicatorum Opera.$bEditio altera veneta ad plurima exempla comparata, & emendata. Accedunt vita, seu elogium eius a Iacobo Echardo ..., & Bernardi Mariae De Rubeis ...$dVenetiis : Cudebat Ioseph Bettinelli, 1755-1760.$g22$w()23733 850 $aSeMil 852 $aSeMil$W1$xVenegono$y1$m2C IV 22 FA$j165955$B165955$CSeMilBibl$Z2$F176912 $8I 996 $6245$aTomus vicesimus secundus complectens Summae Theologicae Secundam Secundaee usquae ad quaestionem c$9(OLS)http://semarc/title/310261 LEADER 01114nam a2200265 i 4500 001 000000112276 003 CaOOAMICUS 005 20030212000000.0 008 030212s1991 it u000 u ita u 013 $a84960 040 $aSeMil$bita 100 1 $aAttinger, Daniel.$0(OLS)http://semarc/name/24420 245 10$aEvangelo secondo San Marco :$bil paradosso della debolezza di Dio /$cDaniel Attinger. 260 $aRoma :$bNuove Frontiere,$ccopyr. 1991. 300 $a175 p. ;$c20 cm. 490 0 $aTracce 500 $aFondo Card. C.M. Martini. 650 4$aBibbia. Nuovo Testamento. Vangelo secondo Marco - Commentari, studi, critica, interpretazioni.$0(OLS)http://semarc/subject/143 830 0$aTracce.$0(OLS)http://semarc/title/11408 850 $aSeMil 852 $aSeMil$W1$xVenegono$y1$m2V III 175$j270415$B68043$CSeMilBibl$Z2$F96782 $81 941 1 $a4 961 $aOmaggio: Martini Card. Carlo Maria 996 $6245$aEvangelo secondo San Marco :$bil paradosso della debolezza di Dio$9(OLS)http://semarc/title/163649 996 $6260$aRoma :$bNuove Frontiere$9(OLS)http://semarc/publisher/30278